| 000 | 00848nmc a2200313 a 4500 | ||
|---|---|---|---|
| 003 | AR-BaBNM | ||
| 005 | 20251128210927.0 | ||
| 008 | 021120s1994 ||||||||||||||000 | spa|| | ||
| 020 | _a950-05-0782-X | ||
| 040 | _cAR-BaBNM | ||
| 100 | 1 | _aAlvarez, Gregorio | |
| 245 | 1 | 0 | _aEl tronco de oro |
| 260 |
_aBuenos Aires _bEdiciones Corregidor _c1994 |
||
| 300 | 0 |
_a439 p. _bil. |
|
| 490 | 0 |
_aIdentidad nacional _vv. 8 |
|
| 500 | 0 | _aContiene referencias bibliográficas | |
| 650 | 4 | _aLITERATURA ARGENTINA | |
| 650 | 4 | _aLITERATURA FOLKLORICA | |
| 650 | 4 | _aCOSTUMBRES Y TRADICIONES | |
| 650 | 4 | _aLIBROS PARA NINOS | |
| 650 | 4 | _aLITERATURA INFANTIL | |
| 650 | 4 | _aANTOLOGIAS | |
| 650 | 4 | _aLITERATURA POPULAR | |
| 653 | 0 | _aNARRATIVA | |
| 655 | _aLITERATURA | ||
| 700 | 1 |
_aColuccio, Félix _eprologuista |
|
| 942 | _cBK | ||
| 998 | _cMARTIN | ||
| 999 |
_c17497 _d17497 |
||